=LDR 00000nam 2200000 4500 =001 NUTBA000000000004131 =005 20140903111920.0 =006 =007 =008 =020 ##$$a 978-979-1480-79-6 =035 ##$$a 0010-091400000000164 =040 ##$$a NBPDMAT =082 ##$$a 634.96 =084 ##$$a 634.96 Nun a =100 ##$$a Nunung Nurjanah =245 ##$$a Ancaman dibalik segarnya buah dan sayur / $c Nunung Nurjanah SP dan Nur Ihsan =250 ##$$a Cet. 1 =260 ##$$a Jakarta : $b Pustaka Bunda, $c 2013 =300 ##$$a 116 ; $b ilus. ; $c 25 cm. =650 ##$$a Buah-buahan-hama dan penyakit =700 ##$$a Nur Ichsan =990 ##$$a 21408212